Kurdská menšina v Turecku, problémy, riešenia diplomová práca

Saved in:
Bibliographic Details
Main Author: Paulinová, Katarína
Corporate Author: Fakulta medzinárodných vzťahov EU. Katedra medzinárodných politických vzťahov
Other Authors: Adašková, Daša
Format: Book
Language:Slovak
Published: Bratislava 2015
Tags: Add Tag
No Tags, Be the first to tag this record!

MARC

LEADER 00000nbm a2200000 4500
001 0206421
005 20161212100028.7
041 0 |a slo 
044 |a SK 
245 1 0 |a Kurdská menšina v Turecku, problémy, riešenia  |b diplomová práca  |c Katarína Paulinová ; školiteľ: Daša Adašková 
264 1 |a Bratislava  |c 2015 
300 |a 71 s. 
100 1 |a Paulinová, Katarína 
700 1 |a Adašková, Daša 
710 2 |a Fakulta medzinárodných vzťahov EU. Katedra medzinárodných politických vzťahov